000 00451nam a22001697a 4500
003 SISC
005 20160317152536.0
008 130906t xxu||||| |||| 00| 0 eng d
020 _a9780004127569
050 _aNC 810
_b.H974 1995
082 _aHS 743.934
_bH97 1995
245 _aTrees .
_c Roger Hutchins.
260 _aLondon :
_bHarper Collins Publishers,
_cc1995.
300 _a63 p. :
_bill. ;
_c28 cm.
942 _2lcc
_cBK
999 _c10516
_d10516